01053cam a2200301 a 450000500170000000800390001702000150005604100080007110000430007924500710012225000220019330000580021549000220027365000380029565000420033365000370037565000380041265000370045065000370048765000330052470000290055726400310058633600270061733700330064433800280067704000350070508400110074020220316235839.0020607s2001 ck a jr 000 f spa a9588061776 aspa1 aMontaña Ibáñez, Franciscod1966-10aBajo el CerezocFrancisco Montaña ; ilustraciones de Carlos Nova aPrimera edición a125 páginasbilustraciones en blanco y negroc20 cm aAlfaguara juvenil142LEMBaNovela colombianaySiglo XX142LEMBaLiteratura colombianaySiglo XX142LEMBaRecuerdos en la literatura142LEMBaVacaciones en la literatura142LEMBaEmociones en la literatura142LEMBaAventuras en la literatura142LEMBaMiedo en la literatura1 aNova, Carloseilustrador aBogotábAlfaguaracc2001 atextobtxt2rdacontent asin mediaciónbn2rdamedia avolumenbnc2rdacarrier aCO-BoRNBPbspaerdacCO-BoRNBP aN MON6